Statistiche per Frasi in Italiano 9

Clicka qui per fare il quiz!

Statistiche generali

  • Questo quiz è stato fatto 252 volte
    (61 dall'ultimo reset)
  • Il punteggio medio è 2 su 14

Statistiche sulle risposte

IngleseItaliano% Corretto
As far as I knowPer quanto ne so
77%
And that's all that mattersEd è tutto ciò che conta
32%
With all due respectCon tutto il dovuto rispetto
23%
I want to do as much as I canVoglio fare più che posso.
16%
We can't let it stop usNon possiamo permettere che questo ci fermi
7%
We should refrain from getting involvedDobbiamo evitare di immischiarci
5%
The children are getting too energetic for their grandparentsI bambini stanno diventando troppo vivaci per i nonni
5%
No need to worryNulla di cui preoccuparsi
5%
I've been meaning to talk to youTe ne volevo parlare
5%
You made a mockery of my filmTi sei fatto beffa del mio film
5%
You know what goes around comes around.Capisci, quello che fai ti torna indietro
4%
Presenting ___ with the perfect opportunity to exact revenge.Offrendo ___ l'occasione perfetta per esigere vendetta.
4%
Sentences range from 15 years to life imprisonmentRichieste variano da 15 anni di reclusione all'ergastolo.
4%
I need you to bring ___ back.Mi serve che tu faccia tornare ___
2%

Distribuzione punteggi

Percentile per numero di risposta

Percentuale di utenti per punteggio

I tuoi punteggi nel tempo

Non hai fatto questo quiz dall'ultimo reset